La participación cultural en España /

Saved in:
Bibliographic Details
Other Authors: Ariño Villarroya, Antonio (dir.) Conductor
Format: Book
Language:Español
Published: Madrid, España : Fundación Autor, 2006, c2006
Series:(Datautor)
Subjects:
Tags: Add Tag
No Tags, Be the first to tag this record!

MARC

LEADER 00000nam^a2200000^a^4500
001 000320793
005 20250521000000.0
009 20260310113522.649
020 |a 84-8048-716-X 
037 |a Acervo ITESO - Biblioteca 
041 |a ESP 
082 |a 306. 4  |b DAT LIB V. 11 
100 |a Ariño Villarroya, Antonio  |e (dir.) 
245 1 3 |a La participación cultural en España /  |c Dir. de A. Ariño Villarroya. 
264 4 |a Madrid, España :  |b Fundación Autor,  |c 2006, c2006 
300 |a 426 p. 
336 |a texto  |b txt  |2 rdacontenido 
337 |a sin mediación  |b n  |2 rdamedio 
338 |a volumen  |b nc  |2 rdasoporte 
440 1 |a (Datautor) 
649 |a XX 
650 |a Industria Cultural -  |z España -  |x Tema Principal 
650 |a Consumo y Oferta Cultural -  |z España -  |x Tema Principal 
650 |a Ocio y Tiempo Libre -  |z España 
650 |a Prácticas Culturales -  |z España 
650 |a Sociología de la Cultura 
650 |a España -  |x Condiciones Sociales y Culturales 
910 |a Fondo General 
920 |a Impresos - Libros 
930 |a Colección General 
905 |a 101 
901 |a 0500207864  |b IT1  |c ACC  |i C131521  |u 20250521 
902 |a https://opac.biblio.iteso.mx/vufind/Record/000320793